| 000 | 00936nas a2200325 4500 | ||
|---|---|---|---|
| 001 | BR0400792 | ||
| 003 | BR-BrBNA | ||
| 005 | 20231205104401.0 | ||
| 007 | ta | ||
| 008 | 230509b bl.|||p| |||| 00| 00por d | ||
| 040 |
_aBR-BrBNA _bpor _cBiblioteca Nacional de Agricultura |
||
| 041 | _a(Pt) | ||
| 072 | _aP10; F06 | ||
| 100 | 1 | _aCampos, S. | |
| 100 | 1 | _aSantos, T.G. dos | |
| 100 | 1 | _aSilva, C.L. da | |
| 100 | 1 | _aBarros, Z.X. de | |
| 100 | 1 | _aCardoso, L.G. | |
| 245 | 1 | _aCapacidade de uso das terras da bacia do Ribeirão Água Fria - Bofete (SP) | |
| 650 | _aTOMATE | ||
| 650 | _aFUNGICIDA | ||
| 650 | _aBACIA HIDROGRÁFICA | ||
| 650 | _aIRRIGAÇÃO POR GOTEJAMENTO | ||
| 650 | _aUSO DA TERRA | ||
| 650 | _aMÉTODO DE APLICAÇÃO | ||
| 650 | _aSÃO PAULO | ||
| 773 | 0 |
_tIrriga (Brazil) _xISSN 1413-7895 _g(2002), v. 7(2) p. 91-97 _wBR0400792 |
|
| 909 |
_a202311 _bLúcia _c55 _dLúcia Elande |
||
| 942 |
_2AGRIS _n0 _cANA |
||
| 999 |
_c177876 _d177876 |
||